Medallas de las colonias, municipios y pueblos antiguos de España hasta hoy no publicadas con las de los reyes Godos (Record no. 154109)
[ view plain ]
| 000 -LEADER | |
|---|---|
| campo de control de longitud fija | 01546nam a2200301 i 4500 |
| 001 - NÚMERO DE CONTROL | |
| campo de control | 154109 |
| 003 - IDENTIFICADOR DE NÚMERO DE CONTROL | |
| campo de control | ES-MaACL |
| 005 - FECHA Y HORA DE LA ÚLTIMA TRANSACCIÓN | |
| campo de control | 20250709063218.0 |
| 008 - DATOS DE LONGITUD FIJA--INFORMACIÓN GENERAL | |
| campo de control de longitud fija | 931025s1773 sp a |||| | spa d |
| 100 1# - ENTRADA PRINCIPAL--NOMBRE DE PERSONA | |
| Nombre de persona | Flórez, Enrique, |
| Fechas asociadas al nombre | 1702-1773 |
| 9 (RLIN) | 142679 |
| 245 10 - MENCIÓN DEL TÍTULO | |
| Título | Medallas de las colonias, municipios y pueblos antiguos de España hasta hoy no publicadas con las de los reyes Godos |
| Resto del título | : parte tercera / |
| Mención de responsabilidad, etc. | por el R. P. Mro. Fr. Henrique Florez ... orden de S. Agustin. |
| 260 ## - PUBLICACIÓN, DISTRIBUCIÓN, ETC. | |
| Lugar de publicación, distribución, etc. | En Madrid : |
| Nombre del editor, distribuidor, etc. | en la imprenta de D. Antonio de Sancha, |
| Fecha de publicación, distribución, etc. | 1773. |
| 300 ## - DESCRIPCIÓN FÍSICA | |
| Extensión | [12], 292 [i.e. 284], [4] p., h. de grab. LIX- LXVII, [8] h. de grab., [1] h. de grab. pleg. ; |
| Dimensiones | 4º. |
| 500 ## - NOTA GENERAL | |
| Nota general | Encabezamiento completado con Aguilar, III, p. 499. |
| 530 ## - NOTA DISPONIBLE DE FORMULARIO FÍSICO ADICIONAL | |
| Nota de formato físico adicional disponible | Disponible en formato digital. |
| 597 ## - NOTA DE DESCRIPCIÓN FÍSICA | |
| NOTA DE DESCRIPCIÓN FÍSICA | Sign.: ¶\p4\s, 2¶\p2\s, A-Z\p4\s, 2A-2M\p4\s, 2N\p2\s, [ ]\p8\s, 2R\p2\s. |
| 597 ## - NOTA DE DESCRIPCIÓN FÍSICA | |
| NOTA DE DESCRIPCIÓN FÍSICA | Error de pag., de la p. 56 pasa a p. 67. |
| 597 ## - NOTA DE DESCRIPCIÓN FÍSICA | |
| NOTA DE DESCRIPCIÓN FÍSICA | Port. con grab. xil. |
| 597 ## - NOTA DE DESCRIPCIÓN FÍSICA | |
| NOTA DE DESCRIPCIÓN FÍSICA | Letras capitales xil. |
| 599 ## - NOTA A LAS ILUSTRACIONES | |
| NOTA A LAS ILUSTRACIONES | La h. de grab. pleg. calc. y hs. de grab. calc. entre p. 152-153: "Gil"; hs de grab. xil., a partir de pag. 292 son monedas intercaladas en el texto. |
| 650 #4 - PUNTO DE ACCESO ADICIONAL DE MATERIA--TÉRMINO DE MATERIA | |
| Término de materia o nombre geográfico como elemento de entrada | Numismática- |
| Subdivisión geográfica | España. |
| 9 (RLIN) | 140095 |
| 650 #4 - PUNTO DE ACCESO ADICIONAL DE MATERIA--TÉRMINO DE MATERIA | |
| Término de materia o nombre geográfico como elemento de entrada | Monedas visigodas. |
| 9 (RLIN) | 136611 |
| 700 1# - ENTRADA AGREGADA--NOMBRE PERSONAL | |
| Nombre de persona | Sancha, Antonio de. |
| 9 (RLIN) | 132385 |
| 752 ## - ENTRADA AGREGADA--NOMBRE JERÁRQUICO DEL LUGAR | |
| País o entidad superior | España - |
| Ciudad | Madrid |
| 852 ## - LOCALIZACIÓN | |
| Ubicación | ES-MaACL |
| Número de control de estantería | R-203-205 |
| Nota libre | - Enc. pasta |
| Signatura antigua | - |
| Encuadernación | Olim: A-1016-18 |
| 856 ## - LOCALIZACIÓN Y ACCESO ELECTRÓNICOS | |
| Identificador Uniforme de Recursos | <a href="http://bdh-rd.bne.es/viewer.vm?id=0000045921&page=1 ">http://bdh-rd.bne.es/viewer.vm?id=0000045921&page=1 </a> |
| Nota pública | Biblioteca Digital Hispánica |
| Estatus retirado | Estado de pérdida | Estado de daño | No para préstamo | Colección | Biblioteca de origen | Biblioteca actual | Ubicación en estantería | Fecha de adquisición | Total de préstamos | Signatura topográfica completa | Código de barras | Visto por última vez | Precio de reemplazo | Tipo de ítem Koha |
|---|---|---|---|---|---|---|---|---|---|---|---|---|---|---|
| Colección digital | Biblioteca del Ateneo de Madrid | Biblioteca del Ateneo de Madrid | Depósito | 17/01/2008 | R-203-205 | 1161141 | 23/02/2023 | 23/02/2023 | Libro impreso antiguo |
